Buffalo wings / (Record no. 2725)

MARC details
000 -LEADER
fixed length control field 01067cam a2200277 a 4500
005 - DATE AND TIME OF LATEST TRANSACTION
control field 20240111134832.0
020 ## - INTERNATIONAL STANDARD BOOK NUMBER
International Standard Book Number 9781599900629
040 ## - CATALOGING SOURCE
Original cataloging agency DLC
Transcribing agency DLC
Modifying agency DLC
Language of cataloging eng
050 00 - LIBRARY OF CONGRESS CALL NUMBER
Classification number PZ7.R33213
Item number 2007
082 00 - DEWEY DECIMAL CLASSIFICATION NUMBER
Classification number 487
100 1# - MAIN ENTRY--PERSONAL NAME
Personal name Reynolds, Aaron
Dates associated with a name 1970-
245 10 - TITLE STATEMENT
Title Buffalo wings /
Statement of responsibility, etc. by Aaron Reynolds ; illustrated by Paulette Bogan
260 ## - PUBLICATION, DISTRIBUTION, ETC.
Place of publication, distribution, etc. New York :
Name of publisher, distributor, etc. Bloomsbury Children's Books :
-- Distributed to the trade by Holtzbrinck Publishers,
Date of publication, distribution, etc. 2007
300 ## - PHYSICAL DESCRIPTION
Extent 27 unnumbered pages :
Other physical details color illustrations ;
Dimensions 29 cm .
505 ## - FORMATTED CONTENTS NOTE
Formatted contents note G <br/>
520 ## - SUMMARY, ETC.
Summary, etc. While searching for the perfect Super Bowl snack, Rooster comes across a recipe for Buffalo wings and, before reading it completely, goes in search of what he believes is the missing ingredient.
521 ## - TARGET AUDIENCE NOTE
Target audience note 400 <br/>
Source Lexile <br/>
521 ## - TARGET AUDIENCE NOTE
Target audience note G <br/>
Source Raz-Plus <br/>
650 #1 - SUBJECT ADDED ENTRY--TOPICAL TERM
Topical term or geographic name entry element Roosters
Form subdivision Fiction.
650 #1 - SUBJECT ADDED ENTRY--TOPICAL TERM
Topical term or geographic name entry element Animals
Form subdivision Fiction.
650 #1 - SUBJECT ADDED ENTRY--TOPICAL TERM
Topical term or geographic name entry element Snack foods
Form subdivision Fiction.
700 1# - ADDED ENTRY--PERSONAL NAME
Personal name Bogan, Paulette
Relator term illustrator
906 ## - LOCAL DATA ELEMENT F, LDF (RLIN)
a 7
b cbc
c orignew
d 1
e ecip
f 20
g y-gencatlg
942 ## - ADDED ENTRY ELEMENTS (KOHA)
Source of classification or shelving scheme Dewey Decimal Classification
Koha item type Books
Suppress in OPAC No
999 ## -
-- 2725
-- 2725
Holdings
Withdrawn status Lost status Source of classification or shelving scheme Damaged status Not for loan Collection Home library Current library Shelving location Date acquired Total Checkouts Full call number Barcode Date last seen Date last checked out Price effective from Koha item type
    Dewey Decimal Classification     Juvenile Fiction Footprints International School Library Network Toul Kork Campus Footprints International School Library Network Toul Kork Campus   01/11/2024 2 REY 487 PZ7.R33213 2024-0014 02/19/2024 02/05/2024 01/11/2024 Books